| 000 | 01005nam a2200289 i 4500 | ||
|---|---|---|---|
| 001 | 182218 | ||
| 003 | ES-MaACL | ||
| 005 | 20231022204059.0 | ||
| 008 | 130626s2012 sp a | |||||||| | spa d | ||
| 080 | _a338.124(4-672 UE)"2008/..." | ||
| 080 | _a338.2(4-672 UE) | ||
| 080 | _a336.74(4-672 UE) | ||
| 245 | 0 | 3 |
_aEl futuro del euro / _c[Andrés Domingo ... et al.]. |
| 260 |
_aMadrid : _bCírculo de Empresarios, _c2012. |
||
| 300 |
_a366 p. : _bgráf. ; _c22 cm. |
||
| 490 | 1 | _aLibro marrón | |
| 500 | _a"XXVIII edición del Libro marrón"--P. 4 de la cubierta. | ||
| 504 | _aIncluye referencias bibliográficas. | ||
| 610 | 2 |
_aUnión Europea- _xPolítica económica. _97027 |
|
| 650 | 7 |
_aEuro. _912608 |
|
| 650 | 4 |
_aCrisis económicas- _y2008- _zPaíses de la Unión Europea. _9145782 |
|
| 700 | 0 |
_aAndrés, Javier. _921575 |
|
| 830 | 0 |
_aLibro marrón _9179565 |
|
| 852 |
_aES-MaACL _jA-12783 _9189129 _bR.148886 _cDEPO1 _dOlim: N-5783 |
||
| 942 |
_2udc _cMONOGRAFIA |
||
| 999 |
_c182218 _d182218 |
||